{"text_format":"3","workbook":"xlsx","n_sheets":1,"sheets":["TDSheet"],"not_rendered":{"defined_names":1},"read":"whole","date_system":"1900"}

{"sheet":"TDSheet","index":0,"n_rows":48,"n_cols":40,"rows_kept":48,"merged":[[1,7,1,12],[1,14,1,29],[2,7,2,12],[2,14,2,29],[8,30,8,31],[10,5,10,7],[10,8,10,14],[11,0,11,4],[11,5,11,29],[12,0,12,7],[12,8,12,29],[13,0,13,7],[13,8,13,29],[15,0,15,11],[15,12,16,13],[15,14,16,14],[15,28,16,28],[15,29,16,29],[16,0,16,2],[16,3,16,11],[17,0,17,2],[17,3,17,11],[17,12,17,13],[18,0,18,2],[18,12,18,13],[21,0,21,9],[21,10,25,10],[21,12,21,36],[21,37,22,38],[22,0,25,5],[22,6,25,9],[22,12,23,14],[22,28,23,28],[22,29,23,34],[22,35,23,36],[23,37,23,38],[24,11,25,12],[24,13,25,13],[24,14,25,14],[24,28,25,28],[24,29,25,29],[24,30,25,30],[24,31,25,31],[24,32,25,32],[24,33,25,33],[24,34,25,34],[24,35,25,35],[24,36,25,36],[24,37,25,37],[24,38,25,38],[24,39,25,39],[26,0,26,5],[26,6,26,9],[26,11,26,12],[27,0,27,5],[27,11,27,12],[28,0,28,5],[30,0,30,5],[31,0,31,5],[32,0,32,5],[33,0,33,5],[34,0,34,5],[35,0,35,5],[36,0,36,5],[37,0,37,5],[38,0,38,5],[39,0,39,5],[40,0,40,5],[41,0,41,5],[42,0,42,5],[43,0,43,5],[44,0,44,5]]}
["Утверждаю"]
["И.о. директора школы",{"$nulls":13},"Исимова Б.А."]
[]
[]
["\"_______\" ____________________ 20      г."]
[]
[{"$nulls":37},"Форма по ОКУД 0504202"]
[{"$nulls":29},"МЕНЮ-ТРЕБОВАНИЕ НА ВЫДАЧУ ПРОДУКТОВ ПИТАНИЯ"]
[{"$nulls":30},"2021-11-19"]
[]
[]
["Учреждение",{"$nulls":4},"МКОУ \" Яблонская ООШ\""]
["Структурное подразделение",{"$nulls":7},"школа"]
["Материально ответственное лицо",{"$nulls":7},"Хамзаева Э.Д."]
[]
["Коды категорий довольствующихся (группы)",{"$nulls":11},"Плановая стоимость одного дня, руб",null,"Количество довольствующихся по плановой стоимости одного дня",{"$nulls":13},"Плановая стоимость на всех довольствующихся, руб","Фактическая стоимость, руб"]
["суммарных категорий",null,null,"по плановой стоимости одного дня"]
[1,null,null,2,{"$nulls":8},3]
["горячее питание",{"$nulls":11},64.27,null,28,{"$nulls":13},{"$f":"SUM(M19*O19)","v":1799.56},{"$f":"SUM(AN45)","v":{"v":1571.9759999999999,"d":"1571.98"}}]
[{"$nulls":13},"Всего"]
[]
["Продукты питания",{"$nulls":9},"Единица измерения","Количество продуктов питания, подлежащих закладке","Количество продуктов питания, подлежащих закладке ",{"$nulls":24},"Расход продуктов питания (количество)"]
["наименование",{"$nulls":5},"Цена",{"$nulls":4},"Завтрак","Завтрак ",{"$nulls":15},"Второй завтрак","Обед",{"$nulls":5},"Полдник"]
[{"$nulls":37},"операция"]
[{"$nulls":11},"плов с говядиной",null,"чай сладкий","хлеб с маслом ",{"$nulls":13},"салат из свеклы",{"$nulls":8},"на одного ребенка","на всех детей ","Сумма"]
[]
[1,{"$nulls":5},2,{"$nulls":3},3,4,null,5,6,{"$nulls":13},7,{"$nulls":6},15,16,17,18,19]
["Количество порций"]
["Выход - вес порции",{"$nulls":10},0.2]
[]
["мясо говядина",{"$nulls":5},{"v":280,"d":"280.00"},{"$nulls":3},"кг",null,{"v":0.08,"d":"0.080"},{"$nulls":24},{"$f":"SUM(M31:AK31)","v":{"v":0.08,"d":"0.080"}},{"$f":"SUM(AL31*O19)","v":{"v":2.24,"d":"2.240"}},{"$f":"AM31*G31","v":{"v":627.2,"d":"627.20"}}]
["рис",{"$nulls":5},{"v":85,"d":"85.00"},{"$nulls":3},"кг",null,{"v":0.06,"d":"0.060"},{"$nulls":24},{"v":0.06,"d":"0.060"},{"$f":"AL32*O$19","v":{"v":1.68,"d":"1.680"}},{"v":142.79999999999998,"d":"142.80"}]
["масло сливочное",{"$nulls":5},{"v":610,"d":"610.00"},{"$nulls":3},"кг",{"v":0.03,"d":"0.030"},null,null,0.005,{"$nulls":22},0.005,{"v":0.14,"d":"0.140"},{"v":85.4,"d":"85.40"}]
["сахар",{"$nulls":5},{"v":68,"d":"68.00"},{"$nulls":3},"кг",null,null,{"v":0.01,"d":"0.010"},{"$nulls":23},{"v":0.01,"d":"0.010"},{"v":0.28,"d":"0.280"},{"v":19.040000000000003,"d":"19.04"}]
["хлеб пшеничный ",{"$nulls":5},{"v":49,"d":"49.00"},{"$nulls":3},"кг",{"$nulls":3},{"v":0.08,"d":"0.080"},{"$nulls":22},{"v":0.08,"d":"0.080"},{"v":2.24,"d":"2.240"},109.76]
["молоко",{"$nulls":5},{"v":68,"d":"68.00"},{"$nulls":3},"кг",0.004,null,{"v":0.1,"d":"0.100"},{"$nulls":23},{"v":0.1,"d":"0.100"},{"v":2.8000000000000003,"d":"2.800"},{"v":190.4,"d":"190.40"}]
["сыр",{"$nulls":5},{"v":550,"d":"550.00"},{"$nulls":3},"кг",{"$nulls":3},{"v":0.01,"d":"0.010"},{"$nulls":22},{"v":0.01,"d":"0.010"},{"v":0.28,"d":"0.280"},{"v":154.00000000000003,"d":"154.00"}]
["лук",{"$nulls":5},{"v":45,"d":"45.00"},{"$nulls":3},"кг",null,{"v":0.01,"d":"0.010"},{"$nulls":24},{"v":0.01,"d":"0.010"},{"v":0.28,"d":"0.280"},{"v":12.600000000000001,"d":"12.60"}]
["морковь",{"$nulls":5},{"v":60,"d":"60.00"},{"$nulls":3},"кг",null,{"v":0.01,"d":"0.010"},{"$nulls":24},{"v":0.01,"d":"0.010"},{"v":0.28,"d":"0.280"},{"v":16.8,"d":"16.80"}]
["масло растительное",{"$nulls":5},{"v":185,"d":"185.00"},{"$nulls":3},"кг",null,{"v":0.01,"d":"0.010"},{"$nulls":15},{"v":2E-3,"d":"0.002"},{"$nulls":8},0.012,0.336,{"v":62.160000000000004,"d":"62.16"}]
["томат",{"$nulls":5},{"v":230,"d":"230.00"},{"$nulls":3},"кг",null,0.005,{"$nulls":24},0.005,{"v":0.14,"d":"0.140"},{"v":32.2,"d":"32.20"}]
["соль",{"$nulls":5},{"v":12,"d":"12.00"},{"$nulls":3},"кг",null,0.005,{"$nulls":15},{"v":1E-3,"d":"0.001"},{"$nulls":8},{"$f":"SUM(M42:AK42)","v":0.006},{"$f":"AL42*O$19","v":0.168},{"$f":"AM42*G42","v":{"v":2.016,"d":"2.02"}}]
["чай",{"$nulls":5},{"v":600,"d":"600.00"},{"$nulls":3},"кг",null,null,{"v":1E-3,"d":"0.001"},{"$nulls":23},{"$f":"SUM(M43:AK43)","v":{"v":1E-3,"d":"0.001"}},{"$f":"AL43*O$19","v":0.028},{"$f":"AM43*G43","v":{"v":16.8,"d":"16.80"}}]
["свекла",{"$nulls":5},{"v":60,"d":"60.00"},{"$nulls":3},"кг",{"$nulls":17},{"v":0.06,"d":"0.060"},{"$nulls":8},{"v":0.06,"d":"0.060"},{"v":1.68,"d":"1.680"},{"v":100.8,"d":"100.80"}]
["Итого",{"$nulls":36},{"$f":"SUM(AL31:AL44)","v":{"v":0.4490000000000001,"d":"0.449"}},{"$f":"SUM(AM31:AM44)","v":12.572},{"$f":"SUM(AN31:AN44)","v":{"v":1571.9759999999999,"d":"1571.98"}}]
[]
[]
["Бухгалтер ",null,"____________",{"$nulls":7},"______________________________",{"$nulls":17},"Повар","_____________","Кенесариева Э.Д.",null,null,"Кладовщик",null,"Хамзаева Э.Д."]